| 000 | 00343nam a22001217a 4500 | ||
|---|---|---|---|
| 082 |
_a358.12 _bROW |
||
| 100 |
_aRowan-Robinson, H. _949499 |
||
| 245 |
_aArtillery to-day and to-morrow _cRowan-Robinson, H. |
||
| 260 |
_aLondon _bWilliam cloers & sons, ltd |
||
| 526 |
_a0 _b0 _c0 _d358_120000000000000_ROW |
||
| 650 |
_aMCE _9379 |
||
| 942 |
_2ddc _cBK |
||
| 999 |
_c553113 _d553113 |
||